000
00349nam a2200133Ia 4500
008
100328s9999 xx 000 0 und d
082
_b
64819
100
_a
फाटक अनुरााा.
245
_a
जीवदान.
260
_b
सानिया.
630
_a
जीवदान.
730
_a
जीवदान.
942
_c
BOOK
999
_c
550580
_d
550577